000 00943nam a22002897a 4500
001 BR0301437
003 BR-BrBNA
005 20230928101255.0
007 ta
008 230509b bl.||||| |||| 00| 0 por d
040 _aBR-BrBNA
_bpor
_cBiblioteca Nacional de Agricultura
041 _a(Por)
072 _aE14; E10
090 _ E14 BR0301437
100 1 _aMatos, P. de O.
110 1 _aEscola Superior de Agricultura Luiz de Queiroz, Piracicaba, SP (Brasil)
_0Tese (Mestre em Ciências)
245 1 _aAnálise dos planos de desenvolvimento elaborados no Brasil após o II PND
260 3 _aPiracicaba, SP (Brasil):
_c2002.
300 _a184 p.
500 _aSummaries (Eng, Por); Bibliography p. 179-184; 25 illus.; 35 tables
650 _aPROJETO DE DESENVOLVIMENTO
650 _aANÁLISE ECONÔMICA
650 _aINDICADOR SOCIAL
650 _aINDICADOR ECONÔMICO
909 _a202309
_bLucia
_c55
_dLucia Elande
942 _cBK
999 _c65033
_d65033